000
00306nam a2200121Ia 4500
008
231106s2016 xx 000 0 und d
041
_a
eng
082
_a
751.42
100
_a
DAVID WEBB
245
_a
COLLECTORS EDITION INNOVATIVE PACKAGING AND GRAPHICS
260
_b
QUARTO PRESS
_c
2016
300
_a
H-256
999
_c
920342
_d
920342